000 00487nam a2200181Ia 4500
005 20250326124654.0
008 250326s9999 xx 000 0 und d
037 _aTextbook
040 _aFMSL
_beng
_cFMSL
041 _aeng
_2eng
084 _aX:87 J8
_qFMSL
100 _aUrwick L
_9121210
245 0 _aElements of administration
_cUrwick L
260 _aLondon
_bLondon, Sir Isaac Pitman
_c1958
300 _a132p
942 _cTB
_hX:87 J8
999 _c1274680
_d1274680